000 00537 a2200157 4500
020 _a053435601X
040 _aDLC
_bDLC
082 0 0 _a519.5
100 1 _aDevore, Jay L.
245 1 0 _aApplied statistics for engineers and scientists
_cJay L. Devore, Nicholas R. Farnum.
260 _aPacific Grove, Calif. :
_bDuxbury Press,
_cc1999.
300 _axiv, 577 p. :
_bill. (some col.) ;
_c24 cm. +
_e1 computer laser optical disc (4 3/4 in.)
650 0 _aMathematical statistics.
700 1 _aFarnum, Nicholas R.
942 _cBK
_k519.5 DEV
_2ddc
999 _c7742
_d7742